Aquatic chemistry: chemical equilibria and rates in natural waters by Werner Stumm and James J Morgan (Record no. 1214709)

MARC details
000 -LEADER
fixed length control field 01288nam a2200349Ia 4500
003 - CONTROL NUMBER IDENTIFIER
control field OSt
005 - DATE AND TIME OF LATEST TRANSACTION
control field 20221007125122.0
008 - FIXED-LENGTH DATA ELEMENTS--GENERAL INFORMATION
fixed length control field 221006b |||||||| |||| 00| 0 eng d
020 ## - INTERNATIONAL STANDARD BOOK NUMBER
International Standard Book Number 0471511854 (pbk)
-- 59.95
037 ## - SOURCE OF ACQUISITION
Terms of availability Textual
040 ## - CATALOGING SOURCE
Original cataloging agency CDL
Transcribing agency CDL
Language of cataloging eng
041 ## - LANGUAGE CODE
Source of code eng
Language code of text/sound track or separate title eng
100 ## - MAIN ENTRY--PERSONAL NAME
Personal name Stumm Werner
9 (RLIN) 721561
245 #0 - TITLE STATEMENT
Title Aquatic chemistry: chemical equilibria and rates in natural waters by Werner Stumm and James J Morgan
Remainder of title Morgan James J
250 ## - EDITION STATEMENT
Edition statement Ed 3
260 ## - PUBLICATION, DISTRIBUTION, ETC.
Place of publication, distribution, etc. New
Name of publisher, distributor, etc. York John Wiley Sons, Inc
Date of publication, distribution, etc. 1996
300 ## - PHYSICAL DESCRIPTION
Extent xvi,1022p
Dimensions cm.
490 ## - SERIES STATEMENT
Series statement Environmental science and technology
500 ## - GENERAL NOTE
General note Appendices 976-1003p; Includes bibliographical references; Index 1005-1022p; ^n23/CSL/Carc/96-97/3848^d1996-12-23^mPurchase; ; 96-97/314^b1997-01-06^c13732^d1996-01-02^eAsian Books Private Limited; ; 1997-01-11^bSB^c1997-01-29^r1997-03-15
650 ## - SUBJECT ADDED ENTRY--TOPICAL TERM
Topical term or geographic name entry element Chemistry
650 ## - SUBJECT ADDED ENTRY--TOPICAL TERM
Topical term or geographic name entry element Hydroxyl
9 (RLIN) 721562
650 ## - SUBJECT ADDED ENTRY--TOPICAL TERM
Topical term or geographic name entry element Water
650 ## - SUBJECT ADDED ENTRY--TOPICAL TERM
Topical term or geographic name entry element Water^aHydroxyl
9 (RLIN) 721563
650 ## - SUBJECT ADDED ENTRY--TOPICAL TERM
Topical term or geographic name entry element Chemistry
700 ## - ADDED ENTRY--PERSONAL NAME
Personal name Morgan James J
9 (RLIN) 721564
942 ## - ADDED ENTRY ELEMENTS (KOHA)
Classification part E210, N6-,1
Koha item type Textual
Source of classification or shelving scheme Colon Classification (CC)
Holdings
Withdrawn status Lost status Source of classification or shelving scheme Damaged status Not for loan Home library Current library Date acquired Source of acquisition Total Checkouts Full call number Barcode Date last seen Price effective from Koha item type
    Colon Classification (CC)     Department of Chemistry Library Department of Chemistry Library 2022-10-07 Asian,   E210 N6-,1 CD0006228 2022-10-07 2022-10-07 Textual
Copyright @ Delhi University Library System